[Event "TATA 14th IBCA Olympiad"]
[Site "Chennai IND"]
[Date "2012.08.11"]
[Round "2.4"]
[White "Clemente Llamero, Roberto"]
[Black "Cizman, Gregor"]
[Result "1-0"]
[WhiteElo "2134"]
[BlackElo "1784"]
[WhiteTeam "Spain"]
[BlackTeam "Slovenia"]
[WhiteFideId "2257696"]
[BlackFideId "14605660"]
[EventDate "2012.08.10"]
[EventType "team"]

1. e4 d5 2. exd5 Qxd5 3. Nc3 Qa5 4. d4 c6 5. Bc4 Nf6 6. Bd2 Qc7 7. Qe2 Bf5 8.
Nf3 Bg4 9. O-O-O e6 10. h3 Bxf3 11. Qxf3 Nbd7 12. g4 Nb6 13. Bb3 h6 14. h4 Be7
15. g5 Nfd5 16. Ne4 h5 17. c4 Nb4 18. a3 Na6 19. Bf4 Qd7 20. Be5 Rh7 21. Nc5 Qc8
22. Nxa6 bxa6 23. c5 Nd5 24. Bc4 a5 25. Qd3 g6 26. Ba6 Qd7 27. Qd2 Bd8 28. Rh3
Bc7 29. Bxc7 Qxc7 30. Rb3 Qf4 31. Bb7 1-0

[Event "TATA 14th IBCA Olympiad"]
[Site "Chennai IND"]
[Date "2012.08.11"]
[Round "2.1"]
[White "Grigorchuk, Sergey"]
[Black "Krishna, Udupa"]
[Result "1-0"]
[WhiteElo "2302"]
[BlackElo "1885"]
[WhiteTeam "Ukraine"]
[BlackTeam "India - A"]
[WhiteFideId "14114879"]
[BlackFideId "5014875"]
[EventDate "2012.08.10"]
[EventType "team"]

1. d4 Nf6 2. Nf3 e6 3. c4 Bb4+ 4. Bd2 Qe7 5. g3 b6 6. Bg2 Bb7 7. O-O Bxd2 8.
Nbxd2 O-O 9. a3 d6 10. Qc2 Nbd7 11. e4 e5 12. d5 a5 13. b4 axb4 14. axb4 c6 15.
Nh4 g6 16. Rfc1 Rfc8 17. Qb2 Nf8 18. Nf1 Nh5 19. Ne3 cxd5 20. cxd5 Qd7 21. Qd2
Ng7 22. Rxa8 Rxa8 23. Bf1 Rc8 24. Rxc8 Bxc8 25. Qc1 Qd8 26. Qc6 Ne8 27. Nc4 Bd7
28. Qxb6 g5 29. Qxd8 1-0

[Event "TATA 14th IBCA Olympiad"]
[Site "Chennai IND"]
[Date "2012.08.11"]
[Round "2.2"]
[White "Kishan, Gangolli"]
[Black "Shepelev, Igor"]
[Result "1-0"]
[WhiteElo "1972"]
[BlackElo "2117"]
[WhiteTeam "India - A"]
[BlackTeam "Ukraine"]
[WhiteFideId "5049350"]
[BlackFideId "14114909"]
[EventDate "2012.08.10"]
[EventType "team"]

1. d4 Nf6 2. Nf3 g6 3. Bf4 Bg7 4. e3 d6 5. h3 Nfd7 6. Be2 e5 7. dxe5 dxe5 8. Bg5
f6 9. Bh4 O-O 10. Nc3 c6 11. O-O g5 12. Bg3 f5 13. h4 g4 14. Bc4+ Kh8 15. Ng5
Qe7 16. f3 f4 17. Qd3 e4 18. fxe4 Ne5 19. Qe2 fxg3 20. Rxf8+ Bxf8 21. Rf1 Nbd7
22. Rf7 Nxf7 23. Nxf7+ Qxf7 24. Bxf7 Ne5 25. Qf1 Bg7 26. Qf4 b6 27. h5 h6 28.
Bb3 Ba6 29. Qxg3 Rf8 30. Qh4 Rf1+ 31. Kh2 Bf6 32. Qg3 Bc8 33. Ne2 c5 34. Nf4 c4
35. Ng6+ Nxg6 36. hxg6 cxb3 37. Qc7 Bg7 38. Qxc8+ Rf8 39. Qc4 Be5+ 40. Kg1 g3
41. axb3 Kg7 42. Qe6 Bf6 43. Qd7+ Kxg6 44. Qg4+ Bg5 45. Qxg3 Rf7 46. Qd6+ Rf6
47. Qd3 Kf7 48. e5 Re6 49. Qf5+ Ke7 50. Kf2 Rc6 51. c3 a5 52. Qh7+ Ke8 53. Kf3
Re6 54. Ke4 Re7 55. Qh8+ Kd7 56. Kd5 Bxe3 57. Qb8 Bf4 58. Qb7+ Kd8 59. Qxb6+ Ke8
60. Qg6+ Kd7 61. Qg4+ 1-0

[Event "TATA 14th IBCA Olympiad"]
[Site "Chennai IND"]
[Date "2012.08.11"]
[Round "2.3"]
[White "Konev, Victor"]
[Black "Darpan, Inani"]
[Result "0-1"]
[WhiteElo "2128"]
[BlackElo "2015"]
[WhiteTeam "Ukraine"]
[BlackTeam "India - A"]
[WhiteFideId "14111764"]
[BlackFideId "5065992"]
[EventDate "2012.08.10"]
[EventType "team"]

1. e4 c5 2. Nf3 d6 3. d4 cxd4 4. Nxd4 Nf6 5. Nc3 a6 6. Be3 e5 7. Nb3 Be6 8. Qd2
Be7 9. f3 Nbd7 10. O-O-O O-O 11. g4 b5 12. g5 b4 13. Ne2 Ne8 14. f4 a5 15. Kb1
a4 16. Nbc1 exf4 17. Bxf4 b3 18. cxb3 axb3 19. a3 Nc5 20. Bg2 d5 21. Nc3 dxe4
22. Qxd8 Rxd8 23. Rxd8 Bxd8 24. Nxe4 Bf5 25. Re1 Bc7 26. Bd2 Nd6 27. Bf4 Ncxe4
28. Ka1 Re8 29. h4 Nf2 30. Rf1 Nd3 31. Bxd6 Bxd6 32. Nxb3 Re1+ 33. Rxe1 Nxe1 34.
Bd5 Nc2+ 35. Ka2 Ne3 36. Nd4 Nxd5 37. Nxf5 Be5 38. b4 Kf8 39. Kb3 g6 40. Nh6 f5
41. gxf6 Nxf6 42. b5 Kg7 43. a4 Kxh6 44. b6 Nd7 45. a5 Bd4 46. b7 Ba7 47. Kc4 g5
48. hxg5+ Kxg5 0-1

[Event "TATA 14th IBCA Olympiad"]
[Site "Chennai IND"]
[Date "2012.08.11"]
[Round "2.4"]
[White "Makwana, Ashvin K"]
[Black "Yatsishin, Ivan"]
[Result "0-1"]
[WhiteElo "1919"]
[BlackElo "2137"]
[WhiteTeam "India - A"]
[BlackTeam "Ukraine"]
[WhiteFideId "5081912"]
[BlackFideId "14107643"]
[EventDate "2012.08.10"]
[EventType "team"]

1. e4 Nf6 2. e5 Nd5 3. Nc3 e6 4. Nf3 d6 5. d4 Be7 6. Bd3 Nxc3 7. bxc3 c5 8. O-O
Nc6 9. Re1 d5 10. a4 h6 11. Ba3 Qa5 12. Bb2 Bd7 13. c4 dxc4 14. Bxc4 Qb4 15. Qd3
cxd4 16. Bxd4 Nxd4 17. Nxd4 Rc8 18. Bb3 a6 19. Rad1 O-O 20. Qh3 Rc3 21. Qh5 Bxa4
22. Re4 Bxb3 23. cxb3 Rxb3 24. h4 Rb1 25. Ree1 Rxd1 26. Rxd1 Rd8 27. Nc2 Qxh4
28. Rxd8+ Bxd8 29. Qf3 Bb6 30. g3 Qc4 31. Qxb7 Bxf2+ 32. Kxf2 Qxc2+ 33. Kf3 Qd3+
34. Kf2 Qd4+ 35. Kf1 Qxe5 36. Qxa6 Qxg3 37. Qc8+ Kh7 38. Qe8 Qf4+ 39. Kg2 h5 40.
Qe7 h4 41. Qa3 Qg3+ 42. Qxg3 hxg3 43. Kxg3 e5 44. Kg4 e4 45. Kf4 f5 46. Ke3 g5
47. Ke2 f4 48. Kf2 g4 49. Kf1 g3 50. Kg2 0-1

[Event "TATA 14th IBCA Olympiad"]
[Site "Chennai IND"]
[Date "2012.08.11"]
[Round "2.2"]
[White "Schellmann, Frank"]
[Black "Rico Hernandez, Edgar"]
[Result "1-0"]
[WhiteTitle "CM"]
[WhiteElo "2110"]
[BlackElo "1884"]
[WhiteTeam "Germany"]
[BlackTeam "Columbia"]
[WhiteFideId "4669916"]
[BlackFideId "4427823"]
[EventDate "2012.08.10"]
[EventType "team"]

1. e4 c6 2. d4 d5 3. e5 Bf5 4. Nf3 e6 5. Be2 Nd7 6. O-O Ne7 7. Nh4 Bg6 8. Nd2 c5
9. c3 Qb6 10. Nxg6 hxg6 11. Nf3 Nc6 12. Rb1 Be7 13. Be3 cxd4 14. cxd4 Nf8 15. g3
Nh7 16. h4 O-O 17. Kg2 Rac8 18. Rh1 Rfe8 19. b4 Qd8 20. Qd2 Nb8 21. Bd3 Nd7 22.
h5 Ndf8 23. Bb5 Nd7 24. Bd3 Ndf8 25. hxg6 fxg6 26. Rh2 Qb6 27. a4 Qc7 28. Rb3 a6
29. Qd1 Bd8 30. Nh4 Bxh4 31. Rxh4 Qf7 32. Qg4 Rc7 33. Bd2 Rec8 34. Rb1 g5 35.
Rh5 g6 36. Rh6 Qe8 37. b5 axb5 38. axb5 Ra8 39. b6 Rg7 40. Bxg5 Nxg5 41. Qxg5
Ra3 42. Rbh1 Nh7 43. Bxg6 Kf8 44. Qf4+ 1-0

[Event "TATA 14th IBCA Olympiad"]
[Site "Chennai IND"]
[Date "2012.08.11"]
[Round "2.4"]
[White "Pohlers, Juergen"]
[Black "Jaimes, Fredy Alexander"]
[Result "1/2-1/2"]
[WhiteElo "1991"]
[BlackElo "1717"]
[WhiteTeam "Germany"]
[BlackTeam "Columbia"]
[WhiteFideId "4619579"]
[BlackFideId "4418514"]
[EventDate "2012.08.10"]
[EventType "team"]

1. d4 Nf6 2. c4 e5 3. dxe5 Ng4 4. Nf3 Bc5 5. e3 Nc6 6. Bd2 Ngxe5 7. Nxe5 Nxe5 8.
b4 Be7 9. a3 d6 10. Nc3 Be6 11. Nd5 c6 12. Nxe7 Qxe7 13. Rc1 Bg4 14. Qc2 Qg5 15.
h4 Qg6 16. Qxg6 Nxg6 17. h5 Ne7 18. Bc3 O-O 19. Rh4 Bf5 20. f3 h6 21. Kf2 Rad8
22. Rd4 d5 23. Rcd1 Rd6 24. e4 Be6 25. R4d2 Rfd8 26. cxd5 cxd5 27. b5 R6d7 28.
Bb4 Nc8 29. exd5 Rxd5 30. Rxd5 Rxd5 31. Rxd5 Bxd5 32. Ke3 g6 33. Kd4 Be6 34.
hxg6 fxg6 35. Ke5 Bb3 36. g3 Nb6 37. Kd6 Bd5 38. f4 Bf3 1/2-1/2

[Event "TATA 14th IBCA Olympiad"]
[Site "Chennai IND"]
[Date "2012.08.11"]
[Round "2.1"]
[White "Moradiyan, Meysam"]
[Black "Crouch, Colin S"]
[Result "0-1"]
[BlackTitle "IM"]
[WhiteElo "1992"]
[BlackElo "2373"]
[WhiteTeam "Iran"]
[BlackTeam "UK"]
[WhiteFideId "12507725"]
[BlackFideId "400947"]
[EventDate "2012.08.10"]
[EventType "team"]

1. d4 d5 2. c4 c6 3. e3 Nf6 4. Nf3 e6 5. Bd3 Nbd7 6. O-O Bd6 7. b3 e5 8. dxe5
Nxe5 9. Bb2 dxc4 10. Nxe5 Bxe5 11. Bxe5 cxd3 12. Qf3 O-O 13. Bxf6 Qxf6 14. Qxf6
gxf6 15. Nc3 Rd8 16. Rfd1 b6 17. Rd2 Ba6 18. e4 Rd4 19. f3 Re8 20. Ne2 Rdxe4 21.
fxe4 dxe2 22. Rd7 Rxe4 23. Re1 Rf4 24. Rxe2 Bxe2 25. g3 Rf5 26. Rxa7 Ra5 27. Rc7
Rxa2 28. Rxc6 b5 29. Rxf6 Rb2 30. Rf2 Rb1+ 31. Kg2 Bd3 32. Ra2 Rxb3 33. h4 Be4+
34. Kh3 h5 0-1

[Event "TATA 14th IBCA Olympiad"]
[Site "Chennai IND"]
[Date "2012.08.11"]
[Round "2.1"]
[White "Molnar, Lubos"]
[Black "Nizam, Rasim"]
[Result "0-1"]
[BlackTitle "IM"]
[WhiteElo "1981"]
[BlackElo "2232"]
[WhiteTeam "Slovakia"]
[BlackTeam "Bulgaria"]
[WhiteFideId "14905795"]
[BlackFideId "2906708"]
[EventDate "2012.08.10"]
[EventType "team"]

1. e4 e6 2. d4 d5 3. Nd2 Nf6 4. e5 Nfd7 5. c3 c5 6. Ngf3 Nc6 7. Bd3 Qb6 8. O-O
g6 9. Re1 Bg7 10. Qa4 O-O 11. Bb1 cxd4 12. cxd4 f6 13. exf6 Nxf6 14. Nb3 Nh5 15.
Be3 Nf4 16. Ne5 Qc7 17. Nxc6 bxc6 18. Qa5 Qf7 19. Qd2 Nh5 20. Bd3 e5 21. dxe5
Bxe5 22. Bh6 Bf4 23. Bxf4 Nxf4 24. Bf1 Rb8 25. Rac1 Qf6 26. Nd4 Bd7 27. b3 a5
28. Nf3 Nh3+ 29. Kh1 Bg4 30. Re3 Rbe8 31. Rce1 Re4 32. Rxe4 dxe4 33. Nd4 Nxf2+
34. Kg1 Nd3 0-1

[Event "TATA 14th IBCA Olympiad"]
[Site "Chennai IND"]
[Date "2012.08.11"]
[Round "2.4"]
[White "Kichukov, Milko"]
[Black "Minarcak, Pavol"]
[Result "1/2-1/2"]
[WhiteElo "1821"]
[BlackElo "1717"]
[WhiteTeam "Bulgaria"]
[BlackTeam "Slovakia"]
[WhiteFideId "2917882"]
[BlackFideId "14930854"]
[EventDate "2012.08.10"]
[EventType "team"]

1. e4 e5 2. Bc4 Nc6 3. Nf3 Be7 4. O-O Nf6 5. Re1 O-O 6. d3 d6 7. h3 Na5 8. Nbd2
Nxc4 9. Nxc4 h6 10. c3 Be6 11. Na5 c6 12. Nb3 a5 13. d4 exd4 14. Nbxd4 d5 15.
Nxe6 fxe6 16. exd5 exd5 17. Nd4 Qd7 18. Qe2 Rae8 19. Qe6+ Qxe6 20. Nxe6 Rf7 21.
Be3 Bd6 22. Nd4 Ne4 23. a4 Nc5 24. Red1 1/2-1/2

[Event "TATA 14th IBCA Olympiad"]
[Site "Chennai IND"]
[Date "2012.08.11"]
[Round "2.1"]
[White "Cajzler, Hinko"]
[Black "Yuvarlak, Ugur"]
[Result "1/2-1/2"]
[WhiteElo "2159"]
[BlackElo "1910"]
[WhiteTeam "Croatia"]
[BlackTeam "Turkey"]
[WhiteFideId "14501376"]
[BlackFideId "6305598"]
[EventDate "2012.08.10"]
[EventType "team"]

1. e4 e5 2. Nf3 Nc6 3. Bb5 a6 4. Ba4 d6 5. c3 Bd7 6. O-O Nf6 7. Re1 g6 8. d4 b5
9. Bb3 Bg7 10. h3 O-O 11. Nbd2 Qc8 12. dxe5 Nxe5 13. Nxe5 dxe5 14. Bc2 Qb7 15.
Qe2 Rfe8 16. Kh2 Rad8 17. Nf3 Bc6 18. Bg5 h6 19. Bxf6 Bxf6 20. Qe3 Kg7 21. Qc5
Rd6 22. Re2 Qb6 23. Qxb6 cxb6 24. Rd1 Red8 25. Rxd6 Rxd6 26. g3 Kf8 27. Kg2 Ke7
28. Ne1 Bd7 29. Bb3 Bg5 30. Nf3 Bf6 31. Bd5 Be6 32. Bxe6 Kxe6 33. h4 Rd1 34. Rc2
Be7 35. a3 a5 36. Nd2 a4 37. Kf3 Re1 38. Kg2 Bc5 39. Kf3 f5 40. h5 gxh5 41.
exf5+ Kxf5 42. b4 axb3 43. Nxb3 Bxa3 44. Ra2 Bc5 45. Rb2 Ba3 46. Ra2 b4 47. cxb4
Bxb4 48. Ra4 Bc3 49. Rc4 e4+ 50. Kg2 Be5 51. Rb4 e3 52. f4 Rg1+ 53. Kxg1 e2 54.
Kf2 e1=Q+ 55. Kxe1 Bc3+ 56. Ke2 Bxb4 57. Kf3 Bc3 58. Nc1 b5 59. Nb3 b4 60. Nc5
Be1 61. Nb3 Bc3 1/2-1/2

[Event "TATA 14th IBCA Olympiad"]
[Site "Chennai IND"]
[Date "2012.08.11"]
[Round "2.2"]
[White "Aksu, Mumin"]
[Black "Marendic, Vlatko"]
[Result "1-0"]
[WhiteElo "1905"]
[BlackElo "2073"]
[WhiteTeam "Turkey"]
[BlackTeam "Croatia"]
[WhiteFideId "6337252"]
[BlackFideId "14503336"]
[EventDate "2012.08.10"]
[EventType "team"]

1. e4 c5 2. Nf3 a6 3. c3 g6 4. d4 cxd4 5. cxd4 d5 6. e5 Nc6 7. h3 Bg7 8. Nc3 f6
9. Bf4 fxe5 10. dxe5 e6 11. Bd3 Nge7 12. O-O O-O 13. Qd2 Bd7 14. Rfe1 Nb4 15.
Bb1 Rc8 16. a3 Nbc6 17. b4 Na7 18. Bd3 Rxc3 19. Qxc3 Rxf4 20. a4 Rf8 21. Rac1
Bh6 22. Rc2 1-0

[Event "TATA 14th IBCA Olympiad"]
[Site "Chennai IND"]
[Date "2012.08.11"]
[Round "2.1"]
[White "Vrioni, Bersan"]
[Black "Bindzus, Ernst"]
[Result "1-0"]
[WhiteElo "1855"]
[BlackElo "1910"]
[WhiteTeam "Italy"]
[BlackTeam "Denmark"]
[WhiteFideId "805351"]
[BlackFideId "1411950"]
[EventDate "2012.08.10"]
[EventType "team"]

1. b4 e5 2. b5 d5 3. Bb2 Nd7 4. e3 Ngf6 5. Nf3 Bd6 6. c4 dxc4 7. Bxc4 O-O 8. Nc3
Nb6 9. Bb3 Qe7 10. h3 Bf5 11. d3 Rad8 12. e4 Be6 13. Bxe6 Qxe6 14. Qc2 Nh5 15.
O-O c6 16. bxc6 bxc6 17. Ne2 Be7 18. Bxe5 Nd7 19. Ned4 Qg6 20. Nxc6 Rde8 21.
Nxe7+ Rxe7 22. Bh2 Ree8 23. Qc7 Nhf6 24. e5 1-0

[Event "TATA 14th IBCA Olympiad"]
[Site "Chennai IND"]
[Date "2012.08.11"]
[Round "2.2"]
[White "Nielsen, Henning"]
[Black "Casadei, Marco"]
[Result "1/2-1/2"]
[WhiteElo "1871"]
[BlackElo "1803"]
[WhiteTeam "Denmark"]
[BlackTeam "Italy"]
[WhiteFideId "1435019"]
[BlackFideId "847542"]
[EventDate "2012.08.10"]
[EventType "team"]

1. c4 Nf6 2. g3 g6 3. Bg2 Bg7 4. d4 O-O 5. e4 d6 6. Ne2 Na6 7. Nbc3 c5 8. d5 Nc7
9. O-O a6 10. a4 Bd7 11. Rb1 b5 12. axb5 axb5 13. cxb5 Nxb5 14. Bf4 Ng4 15. h3
Ne5 16. Bc1 Qc7 17. f4 Nc4 18. Qd3 Nxc3 19. bxc3 Na3 20. Bxa3 Rxa3 21. Rfc1 Rb8
22. Qc2 Ba4 23. Qd2 Rab3 24. Rxb3 Bxb3 25. c4 Ba4 26. Qa2 Bb3 27. Qa6 Qb6 28.
Qxb6 Rxb6 29. Rb1 Rb4 30. Kf2 Bxc4 31. Rc1 Ba2 32. Bf1 Rxe4 33. Nc3 Bd4+ 34. Kf3
Re3+ 35. Kg2 Rxc3 36. Rxc3 Bxc3 37. Kf3 Kg7 38. g4 h6 39. Ke4 Kf6 40. h4 g5 41.
hxg5+ hxg5 42. f5 Bd4 43. Bd3 Kg7 1/2-1/2

[Event "TATA 14th IBCA Olympiad"]
[Site "Chennai IND"]
[Date "2012.08.11"]
[Round "2.3"]
[White "Pugliese, Giuseppe"]
[Black "Bremer, Erik"]
[Result "1-0"]
[WhiteElo "1786"]
[BlackElo "1547"]
[WhiteTeam "Italy"]
[BlackTeam "Denmark"]
[WhiteFideId "821063"]
[BlackFideId "1411578"]
[EventDate "2012.08.10"]
[EventType "team"]

1. e4 c5 2. Nf3 d6 3. d4 cxd4 4. Nxd4 Nf6 5. Nc3 g6 6. Be2 Bg7 7. O-O O-O 8. Be3
Nc6 9. h3 Bd7 10. Nb3 Rc8 11. Qd2 a6 12. Bh6 b5 13. Bxg7 Kxg7 14. Kh2 Ne5 15. f3
Nc4 16. Qc1 Qb6 17. Re1 e6 18. Nd2 d5 19. Nxc4 bxc4 20. e5 Ne8 21. Bf1 Bc6 22.
Rb1 h6 23. Ne2 Kh7 24. c3 Ng7 25. Nd4 Qd8 26. Qe3 Nh5 27. g4 Ng7 28. Kg3 Qg5 29.
f4 Nh5+ 30. Kf3 Qh4 31. gxh5 gxh5 32. Qf2 Rg8 33. Qxh4 1-0

[Event "TATA 14th IBCA Olympiad"]
[Site "Chennai IND"]
[Date "2012.08.11"]
[Round "2.4"]
[White "Hansen, Martin Mandrup"]
[Black "Murgia, Stefano"]
[Result "1-0"]
[WhiteElo "1518"]
[BlackElo "1709"]
[WhiteTeam "Denmark"]
[BlackTeam "Italy"]
[WhiteFideId "1441361"]
[BlackFideId "876011"]
[EventDate "2012.08.10"]
[EventType "team"]

1. Nf3 f5 2. d3 Nf6 3. g3 Nc6 4. Bg2 g6 5. O-O Bg7 6. Re1 O-O 7. Nbd2 e5 8. e4
d6 9. Bh3 fxe4 10. Bxc8 Qxc8 11. Nxe4 Qf5 12. Kg2 d5 13. Nh4 Qd7 14. Nc5 Qc8 15.
d4 e4 16. Re3 Ng4 17. Re2 Rxf2+ 18. Rxf2 Nxf2 19. Qe2 Bxd4 20. Be3 Bxe3 21. Qxe3
Ng4 22. Qg5 Kg7 23. Rf1 b6 24. h3 bxc5 25. hxg4 Qd7 26. Qf6+ Kg8 27. Nxg6 hxg6
28. Qxg6+ Qg7 29. Qe6+ Kh8 30. Rh1+ 1-0

[Event "TATA 14th IBCA Olympiad"]
[Site "Chennai IND"]
[Date "2012.08.11"]
[Round "2.1"]
[White "Deville, Olivier"]
[Black "Magnusson, Jorgen"]
[Result "0-1"]
[BlackTitle "FM"]
[WhiteElo "1976"]
[BlackElo "2273"]
[WhiteTeam "France"]
[BlackTeam "Sweden"]
[WhiteFideId "624160"]
[BlackFideId "1700880"]
[EventDate "2012.08.10"]
[EventType "team"]

1. Nf3 f5 2. c4 Nf6 3. g3 d6 4. Bg2 e5 5. d3 Be7 6. O-O O-O 7. b4 a5 8. b5 Qe8
9. c5 Qxb5 10. cxd6 cxd6 11. Nc3 Qe8 12. Ng5 Nc6 13. Qb3+ Kh8 14. Ne6 Bxe6 15.
Qxe6 Nd4 16. Qc4 Rc8 0-1

[Event "TATA 14th IBCA Olympiad"]
[Site "Chennai IND"]
[Date "2012.08.11"]
[Round "2.2"]
[White "Berggren, Patrik"]
[Black "Belazzoug, Farid"]
[Result "1/2-1/2"]
[WhiteElo "1935"]
[BlackElo "1698"]
[WhiteTeam "Sweden"]
[BlackTeam "France"]
[WhiteFideId "1709917"]
[BlackFideId "20602103"]
[EventDate "2012.08.10"]
[EventType "team"]

1. e4 e6 2. d4 d5 3. exd5 exd5 4. c4 Nf6 5. Nc3 Be7 6. Nf3 O-O 7. Bd3 dxc4 8.
Bxc4 c6 9. O-O Nbd7 10. Re1 Nb6 11. Bb3 Bf5 12. a3 Re8 13. Be3 Nfd5 14. Ne5 Bf6
15. Qf3 Bxe5 16. Qxf5 Bf6 17. Rad1 g6 18. Qf3 Bg7 19. Ne4 Qe7 20. Ng5 h6 21. Nh3
Qf6 22. Qg3 Re7 23. Bd2 Rae8 24. Rxe7 Qxe7 25. Qd3 Qe4 26. Qxe4 Rxe4 27. Bc3 Nf6
28. f3 Re8 29. Nf4 Nbd5 30. Nd3 Re7 31. Kf2 Re8 32. Nc5 Re7 33. Ba2 b6 34. Nd3
Re8 35. Rd2 Ne7 36. Rd1 Ned5 37. Bb1 Re7 38. Bc2 Nd7 39. Bb3 N7f6 40. Rd2 Re8
41. Rd1 Re7 42. Rd2 1/2-1/2

[Event "TATA 14th IBCA Olympiad"]
[Site "Chennai IND"]
[Date "2012.08.11"]
[Round "2.3"]
[White "Le Moy, Patrick"]
[Black "Berggren, Marcus"]
[Result "0-1"]
[WhiteElo "1633"]
[BlackElo "1933"]
[WhiteTeam "France"]
[BlackTeam "Sweden"]
[WhiteFideId "680699"]
[BlackFideId "1710036"]
[EventDate "2012.08.10"]
[EventType "team"]

1. d4 f5 2. c4 Nf6 3. g3 g6 4. Bg2 Bg7 5. Nh3 d6 6. Nc3 c6 7. Qc2 Qb6 8. e3 e5
9. d5 O-O 10. O-O Na6 11. a3 Bd7 12. Rb1 f4 13. Ng5 Bf5 14. e4 Bd7 15. gxf4 Nh5
16. f5 Qd8 17. Ne6 Bxe6 18. fxe6 Qh4 19. Qd3 Nc5 20. Qh3 Qe7 21. Bf3 Nf4 22.
Bxf4 Rxf4 23. Ne2 Rh4 24. Qg2 Rf8 25. Ng3 Nd3 26. Qh1 Rhf4 27. Be2 Nxf2 28. Qg2
Qf6 29. Rbc1 Qg5 30. Rc3 Ng4 31. Rxf4 exf4 32. Bxg4 Bd4+ 33. Kh1 Qxg4 34. Rd3 f3
35. Qf1 Be5 36. e7 Re8 37. Rxf3 Rxe7 38. Ne2 Kg7 39. Qg2 Qd7 40. b4 a6 41. Nf4
Bxf4 42. Rxf4 Re5 43. Kg1 Qe7 44. Kf2 cxd5 45. cxd5 Qg5 46. Qxg5 Rxg5 47. h4 Re5
48. Kf3 Re7 49. Ke2 Rf7 50. Ke3 Rxf4 51. Kxf4 Kf6 52. e5+ dxe5+ 53. Ke4 h6 54.
a4 g5 55. h5 g4 56. Ke3 Ke7 57. Kf2 e4 0-1

[Event "TATA 14th IBCA Olympiad"]
[Site "Chennai IND"]
[Date "2012.08.11"]
[Round "2.2"]
[White "Lucas, Melvyn Andre"]
[Black "Bibikov, Yuriy"]
[Result "0-1"]
[WhiteElo "1667"]
[BlackElo "2038"]
[WhiteTeam "South Africa"]
[BlackTeam "Kazakhstan"]
[WhiteFideId "14304660"]
[BlackFideId "13705814"]
[EventDate "2012.08.10"]
[EventType "team"]

1. d4 Nf6 2. Nf3 d6 3. Bf4 Nbd7 4. e3 c6 5. c3 Qc7 6. Nbd2 g6 7. Bd3 Bg7 8. Qc2
O-O 9. h4 e5 10. Bg5 h6 11. Bxf6 Nxf6 12. Ne4 Nxe4 13. Bxe4 d5 14. Bxg6 fxg6 15.
Qxg6 exd4 16. Nxd4 c5 17. Nf3 d4 18. cxd4 Bf5 19. Qg3 Qa5+ 20. Nd2 cxd4 21. exd4
Rfe8+ 22. Kd1 Rac8 23. Qb3+ Kh8 24. Rc1 Rxc1+ 25. Kxc1 Rc8+ 26. Nc4 b5 27. Kd1
Rxc4 28. Qe3 Rxd4+ 29. Ke2 Re4 0-1

[Event "TATA 14th IBCA Olympiad"]
[Site "Chennai IND"]
[Date "2012.08.11"]
[Round "2.1"]
[White "Harnandan, Sergio"]
[Black "Shashidhar K M"]
[Result "1-0"]
[WhiteElo "1982"]
[BlackElo "1596"]
[WhiteTeam "Netherland"]
[BlackTeam "India - B"]
[WhiteFideId "1029169"]
[BlackFideId "25051806"]
[EventDate "2012.08.10"]
[EventType "team"]

1. d4 Nf6 2. c4 e6 3. Nc3 Bb4 4. a3 Bxc3+ 5. bxc3 Ne4 6. Qc2 d5 7. Nf3 h6 8. e3
O-O 9. Bd3 Nf6 10. cxd5 exd5 11. O-O Bg4 12. Ne5 Nbd7 13. Nxg4 Nxg4 14. f3 Ngf6
15. e4 dxe4 16. fxe4 c6 17. e5 Nd5 18. Rf3 Re8 19. Bh7+ Kh8 20. Rxf7 Rf8 21. e6
Rxf7 22. exf7 Nxc3 23. Bg8 Ne4 24. Qxe4 Nf6 25. Qh4 Nxg8 26. Qxd8 Rxd8 27.
fxg8=R+ Kxg8 28. Bb2 Re8 29. Kf2 Rf8+ 30. Ke3 Re8+ 31. Kd3 Rf8 32. Re1 Rf2 33.
Re2 Rf7 34. a4 a6 35. Ba3 b5 36. axb5 axb5 37. g3 Ra7 38. Bc5 Ra5 39. Re6 b4 40.
Kc4 Ra2 41. h4 Rg2 42. Rxc6 Rxg3 43. Bxb4 Rh3 44. Be7 Kf7 45. Rc7 Ke8 46. d5 Rh1
47. d6 Rd1 48. Kc5 Rc1+ 49. Kb6 Rd1 50. Kc6 Rc1+ 51. Kb7 Rd1 52. Kc8 g5 53. hxg5
hxg5 54. d7+ Kf7 55. d8=Q Rxd8+ 56. Bxd8+ Kg6 57. Bxg5 Kxg5 58. Rf7 Kg6 59. Rf1
Kg5 60. Kd7 Kg6 61. Ke6 Kg5 62. Rf8 Kg4 63. Ke5 Kg3 64. Ke4 Kg2 65. Ke3 Kg3 66.
Rg8+ Kh4 67. Kf4 Kh5 68. Rg1 Kh6 69. Kf5 Kh7 70. Kf6 Kh8 71. Kf7 Kh7 72. Rh1# 1-0

[Event "TATA 14th IBCA Olympiad"]
[Site "Chennai IND"]
[Date "2012.08.12"]
[Round "3.1"]
[White "Meshkov, Yuri A."]
[Black "Desanjose Candalija, Eduardo"]
[Result "0-1"]
[WhiteTitle "IM"]
[BlackTitle "FM"]
[WhiteElo "2390"]
[BlackElo "2238"]
[WhiteTeam "Russia"]
[BlackTeam "Spain"]
[WhiteFideId "4107101"]
[BlackFideId "2256827"]
[EventDate "2012.08.10"]
[EventType "team"]

1. c4 e6 2. Nf3 d5 3. e3 Nf6 4. b3 Nbd7 5. Bb2 c6 6. Qc2 Bd6 7. Nc3 Qe7 8. Be2
O-O 9. O-O b6 10. cxd5 exd5 11. Nd4 c5 12. Nf5 Qe6 13. Nxd6 Qxd6 14. d4 Bb7 15.
Rad1 a6 16. Bf3 Qe6 17. Ne2 Ne4 18. Nf4 Qf5 19. dxc5 Ndxc5 20. Bd4 Rac8 21. Qb2
Ne6 22. Nxe6 fxe6 23. Bxe4 Qxe4 24. f3 Qg6 25. Rd2 Rc6 26. Be5 Rfc8 27. Qd4 a5
28. Rfd1 h6 29. h4 Kh7 30. Kh2 Rf8 31. Bg3 Qf6 32. Qd3+ Qg6 33. Qb5 Qf5 34. Rd4
Rf7 35. Rf4 Qg6 36. Rfd4 Qf5 37. R1d2 Qg6 38. b4 axb4 39. Rxb4 Qf5 40. Qa4 Rc3
41. Rf4 Qg6 42. Rxf7 Qxf7 43. Qd4 Rc4 44. Qxb6 Qf6 45. Qxb7 Rxh4+ 46. Kg1 Qa1+ 0-1